Hypermarkets and Supermarkets in Europe. The end of growth?.

Bibliographic Details
Main Author: Watson
Corporate Author: Financial Times
Format: Book
Published: London: Pearson Professional, 1997.
Subjects:
LEADER 00568cam a2200193 7i4500
001 0000006131
005 19991025090000.0
002 ##000007792
020 0 0 |a 1 85334 4117  
090 0 0 |a EURO 381.1   |b WAT 
100 0 0 |a Watson  
245 0 0 |a Hypermarkets and Supermarkets in Europe. The end of growth?. 
260 0 0 |a London:   |b Pearson Professional,   |c 1997. 
300 0 0 |a 177 p.. 
650 0 0 |a Hypermarkets --   |z Europe  
650 0 0 |a Supermarkets --   |z Europe  
651 0 0 |a Europe  
710 0 0 |a Financial Times  
999 |a 0000009149  |b Book  |c Open shelf  |e Business Information Centre